| 000 | 00359nam a2200133 4500 | ||
|---|---|---|---|
| 020 | _a0876200137 | ||
| 050 | 0 | 0 |
_aPE1127.M28 _bL8 |
| 100 | 1 | _aLutz, William, | |
| 245 | 1 | 4 |
_aThe age of communication _c[edited by] William D. Lutz. |
| 260 |
_aPacific Palisades, Calif., _bGoodyear Pub. Co. _c[1974] |
||
| 300 | _avii, 431 p. | ||
| 650 | 0 | _xMass media. | |
| 942 | _cGEN | ||
| 999 |
_c2790 _d2790 |
||